000 00607nam a22001817a 4500
005 20251108165404.0
008 250721s1990 xx 000 0 ara d
082 1 4 _aم/922.175/موا
100 1 _aأبو المواهب، محمد بن عبد الباقي بن عبد الباقي ...
245 1 0 _aمشيخة أبي المواهب الحنبلي /
264 1 _aدمشق :
_bدار الفكر،
_c1990.
300 _a163ص
650 1 7 _aالفقهاء
650 1 7 _aالمذاهب الإسلامية
700 1 _aالحافظ، محمد مطيع
_eتحقيق
942 _2ddc
_cREF
999 _c26746
_d26746